Cyclisme: Le classement des victoires en 2024 - Statistiques

Statistiques générales
  • Ce quiz a été pris 476 fois
  • Le résultat moyen est 12 sur 31
Statistiques - réponses
Nat. Coureur Victoires % Correct
🇸🇮 Tadej Pogacar 25
100%
🇧🇪 Remco Evenepoel 9
90%
🇩🇰 Jonas Vingegaard 9
89%
🇧🇪 Wout Van Aert 5
87%
🇧🇪 Jasper Philipsen 9
83%
🇩🇰 Mads Pedersen 12
81%
🇧🇪 Tim Merlier 16
68%
🇸🇮 Primoz Roglic 8
66%
🇪🇷 Biniam Girmay 5
61%
🇮🇹 Jonathan Milan 11
58%
🇨🇭 Marc Hirschi 9
49%
🇧🇪 Arnaud De Lie 7
38%
🇬🇧 Adam Yates 6
34%
🇳🇴 Alexander Kristoff 8
32%
🇺🇸 Brandon McNulty 9
30%
🇫🇷 Lenny Martinez 5
29%
🇫🇷 Benoît Cosnefroy 7
26%
🇮🇪 Sam Bennett 5
24%
🇳🇱 Olav Kooij 8
21%
🇳🇱 Dylan Groenewegen 5
20%
🇫🇷 Paul Lapeira 5
20%
🇫🇷 Paul Magnier 5
20%
🇩🇰 Magnus Cort Nielsen 5
18%
🇧🇪 Thibau Nys 9
11%
🇳🇴 Søren Wærenskjold 6
7%
🇧🇪 Lennert Van Eetvelt 5
5%
🇬🇧 Stephen Williams 6
5%
🇩🇰 Tobias Lund Andresen 6
5%
🇳🇿 Aaron Gate 5
3%
🇫🇷 Emilien Jeannière 5
3%
🇳🇱 Arvid De Kleijn 5
1%
Aucun quiz correspondant
Distribution des résultats
% des personnes avec chaque résultat
Percentile par nombre de réponses
Votre historique - résultats
Vous n’avez pas pris ce quiz